[Event "POL-ch U12"]
[Site "Uniejow"]
[Date "2021.07.25"]
[Round "9"]
[White "Rekuc, Patryk"]
[Black "Micula, Jakub"]
[Result "1/2-1/2"]
[WhiteElo "1560"]
[BlackElo "1443"]
[PlyCount "61"]
[EventDate "2021.07.18"]
[EventType "swiss"]
[EventRounds "9"]
[EventCountry "POL"]
[SourceTitle "EXT 2022"]
[Source "ChessBase"]
[SourceDate "2021.10.06"]
[SourceVersion "1"]
[SourceVersionDate "2021.10.06"]
[SourceQuality "1"]

1. e4 c6 2. d4 d5 3. Nc3 dxe4 4. Nxe4 Nf6 5. Nxf6+ gxf6 6. c3 Bf5 7. Bd3 Bg6 8. Nf3 e6 9. Bf4 Bd6 10. Bg3 Qc7 11. Bxg6 hxg6 12. Bxd6 Qxd6 13. Qd2 Na6 14. 0-0-0 0-0-0 15. Qe3 Kb8 16. h3 Nc7 17. c4 Rd7 18. Rd2 Rhd8 19. a3 b5 20. Qc3 Qf4 21. Rhd1 bxc4 22. Qb4+ Kc8 23. Qxc4 Nb5 24. Kb1 Qf5+ 25. Ka1 Qd5 26. Qxd5 Rxd5 27. a4 Nd6 28. Rc2 Kb7 29. Rdc1 Rc8 30. b4 a6 31. Ka2 1/2-1/2

[Event "POL-ch U12"]
[Site "Uniejow"]
[Date "2021.07.24"]
[Round "8"]
[White "Micula, Jakub"]
[Black "Lecki, Leonard"]
[Result "1-0"]
[WhiteElo "1443"]
[BlackElo "1423"]
[PlyCount "81"]
[EventDate "2021.07.18"]
[EventType "swiss"]
[EventRounds "9"]
[EventCountry "POL"]
[SourceTitle "EXT 2022"]
[Source "ChessBase"]
[SourceDate "2021.10.06"]
[SourceVersion "1"]
[SourceVersionDate "2021.10.06"]
[SourceQuality "1"]

1. e4 e6 2. d4 d5 3. Nd2 c5 4. exd5 exd5 5. Ngf3 Nc6 6. Be2 c4 7. 0-0 Bd6 8. b3 cxb3 9. axb3 Nf6 10. Re1 0-0 11. Nf1 Ne4 12. Ne3 Bb4 13. Bd2 Bxd2 14. Nxd2 Nc3 15. Qc1 Nxd4 16. Bd3 Be6 17. Qa3 Qb6 18. Qe7 Rfe8 19. Qh4 h6 20. g4 Ne4 21. Bxe4 dxe4 22. g5 Qb4 23. Nef1 hxg5 24. Qxg5 Bh3 25. Ra4 Qc3 26. Re3 Nf3+ 27. Nxf3 exf3 28. Rxa7 Qxc2 29. Rxa8 Rxa8 30. Rxf3 Bxf1 31. Kxf1 Qd1+ 32. Kg2 Ra1 33. Qf5 Qg1+ 34. Kh3 Ra6 35. Qxf7+ Kh7 36. Qf5+ Kh6 37. Rg3 Qc1 38. Qf8 Kh5 39. Qh8+ Rh6 40. Qe8+ g6 41. Qe2# 1-0

[Event "POL-ch U12"]
[Site "Uniejow"]
[Date "2021.07.23"]
[Round "7"]
[White "Jasiulewicz, Dawid"]
[Black "Micula, Jakub"]
[Result "1-0"]
[WhiteElo "1521"]
[BlackElo "1443"]
[PlyCount "63"]
[EventDate "2021.07.18"]
[EventType "swiss"]
[EventRounds "9"]
[EventCountry "POL"]
[SourceTitle "EXT 2022"]
[Source "ChessBase"]
[SourceDate "2021.10.06"]
[SourceVersion "1"]
[SourceVersionDate "2021.10.06"]
[SourceQuality "1"]

1. d4 Nf6 2. Nf3 b5 3. e3 a6 4. Bd3 Bb7 5. 0-0 e6 6. b3 c5 7. c4 b4 8. Bb2 Be7 9. Nbd2 d5 10. Qc2 Nbd7 11. Rac1 Rc8 12. Rfd1 0-0 13. Qb1 Qa5 14. cxd5 exd5 15. Ne5 Nxe5 16. dxe5 Ne4 17. Nxe4 dxe4 18. Bc4 Rfd8 19. e6 Qb6 20. exf7+ Kf8 21. Rxd8+ Rxd8 22. Rd1 Bc8 23. Rxd8+ Qxd8 24. Qxe4 Qd1+ 25. Bf1 Kxf7 26. Qxh7 Bf6 27. Bxf6 Kxf6 28. Qh4+ g5 29. Qh6+ Kf5 30. Qf8+ Ke5 31. Qxc8 Qc1 32. Qxa6 1-0

[Event "POL-ch U12"]
[Site "Uniejow"]
[Date "2021.07.22"]
[Round "5"]
[White "Suska, Szymon"]
[Black "Micula, Jakub"]
[Result "0-1"]
[WhiteElo "1513"]
[BlackElo "1443"]
[PlyCount "119"]
[EventDate "2021.07.18"]
[EventType "swiss"]
[EventRounds "9"]
[EventCountry "POL"]
[SourceTitle "EXT 2022"]
[Source "ChessBase"]
[SourceDate "2021.10.06"]
[SourceVersion "1"]
[SourceVersionDate "2021.10.06"]
[SourceQuality "1"]

1. Nc3 d5 2. d4 Nf6 3. Bg5 Bf5 4. Nf3 e6 5. Nh4 Bg6 6. Nxg6 hxg6 7. e4 dxe4 8. Nxe4 Be7 9. Bxf6 gxf6 10. c3 c6 11. Bd3 Qc7 12. h3 Nd7 13. Qe2 0-0-0 14. 0-0-0 e5 15. dxe5 fxe5 16. g4 Nb6 17. Bc4 Nd5 18. Kb1 f5 19. Ng3 Rhf8 20. gxf5 gxf5 21. Rhe1 e4 22. Nxf5 Rxf5 23. Qxe4 Rf4 24. Qe6+ Rd7 25. Bxd5 cxd5 26. Rxd5 Qc6 27. Qxc6+ bxc6 28. Rde5 Bd8 29. Re6 Kb7 30. R1e2 Rh4 31. R2e3 Rf7 32. Re8 Bb6 33. R8e7+ Rxe7 34. Rxe7+ Ka6 35. Rf7 Rxh3 36. f4 Rh2 37. Rf6 Kb5 38. a3 Rf2 39. b3 Bc7 40. Rf7 Kb6 41. Rf5 Bxf4 42. a4 Be3 43. Rh5 c5 44. Re5 Bd2 45. Re6+ Ka5 46. Kc2 Be1+ 47. Kd3 Rf3+ 48. Ke2 Rxc3 49. Kxe1 Rxb3 50. Rc6 Rb6 51. Rxc5+ Kxa4 52. Kd1 a6 53. Kc1 Rb5 54. Rc2 Ka3 55. Rc3+ Kb4 56. Rc6 a5 57. Kb2 a4 58. Rh6 Rc5 59. Rh4+ Kb5 60. Rg4 0-1

[Event "POL-ch U12"]
[Site "Uniejow"]
[Date "2021.07.21"]
[Round "4"]
[White "Micula, Jakub"]
[Black "Macura, Mateusz"]
[Result "1/2-1/2"]
[WhiteElo "1443"]
[BlackElo "1355"]
[PlyCount "69"]
[EventDate "2021.07.18"]
[EventType "swiss"]
[EventRounds "9"]
[EventCountry "POL"]
[SourceTitle "EXT 2022"]
[Source "ChessBase"]
[SourceDate "2021.10.06"]
[SourceVersion "1"]
[SourceVersionDate "2021.10.06"]
[SourceQuality "1"]

1. e4 e6 2. d4 d5 3. Nd2 dxe4 4. Nxe4 Nd7 5. Nf3 Ngf6 6. Nxf6+ Nxf6 7. c3 c5 8. Bg5 cxd4 9. Ne5 Be7 10. Bxf6 Bxf6 11. Bb5+ Ke7 12. Qxd4 Qxd4 13. cxd4 Bxe5 14. dxe5 Bd7 15. Bxd7 Kxd7 16. Ke2 Rac8 17. Rac1 Rhd8 18. Rhd1+ Ke7 19. g3 g5 20. Ke3 h5 21. f4 g4 22. Ke2 f5 23. Ke3 Rxc1 24. Rxc1 Rd7 25. Rc8 Rd8 26. Rxd8 Kxd8 27. Kd4 Kc7 28. b4 Kc6 29. a4 b5 30. a5 a6 31. Kc3 Kd5 32. Kd3 Kc6 33. Kd4 Kd7 34. Kc5 Kc7 35. Kd4 1/2-1/2

[Event "POL-ch U12"]
[Site "Uniejow"]
[Date "2021.07.19"]
[Round "1"]
[White "Broszkiewicz, Stanislaw"]
[Black "Micula, Jakub"]
[Result "0-1"]
[WhiteElo "1200"]
[BlackElo "1443"]
[PlyCount "53"]
[EventDate "2021.07.18"]
[EventType "swiss"]
[EventRounds "9"]
[EventCountry "POL"]
[SourceTitle "EXT 2022"]
[Source "ChessBase"]
[SourceDate "2021.10.06"]
[SourceVersion "1"]
[SourceVersionDate "2021.10.06"]
[SourceQuality "1"]

1. d4 Nf6 2. c4 e6 3. Nf3 b6 4. g3 Bb7 5. Bg2 Bb4+ 6. Nbd2 0-0 7. a3 Bxd2+ 8. Qxd2 c5 9. 0-0 cxd4 10. Nxd4 Bxg2 11. Kxg2 d5 12. cxd5 Qxd5+ 13. Nf3 Qe4 14. Qf4 Qxe2 15. b4 Nbd7 16. Re1 Qa6 17. Bb2 Qb7 18. Kg1 Rac8 19. Ne5 Nd5 20. Qg4 N7f6 21. Qg5 h6 22. Qh4 Rc2 23. Rab1 Nc3 24. Ng4 Nxg4 25. Qxg4 Rd8 26. Red1 Rxd1+ 27. Rxd1 0-1

[Event "EU-ch Amateur Online Final 1400/1700"]
[Site "Tornelo INT"]
[Date "2021.04.18"]
[Round "8"]
[White "Lemoni, Maria Ioanna"]
[Black "Micula, Jakub"]
[Result "1-0"]
[WhiteElo "1661"]
[BlackElo "1479"]
[PlyCount "87"]
[EventDate "2021.04.18"]
[EventType "swiss (rapid)"]
[EventRounds "9"]
[EventCountry "NET"]
[SourceTitle "EXT 2023"]
[Source "ChessBase"]
[SourceDate "2022.10.05"]
[SourceVersion "1"]
[SourceVersionDate "2022.10.05"]
[SourceQuality "1"]

1. c4 Nf6 2. g3 d5 3. cxd5 Nxd5 4. Bg2 g6 5. Nc3 c6 6. e4 Nxc3 7. bxc3 Bg7 8. Ne2 0-0 9. 0-0 c5 10. Rb1 Nc6 11. d3 Qd6 12. Bf4 e5 13. Be3 Rd8 14. Nc1 b6 15. Qc2 Be6 16. Rd1 Rac8 17. Nb3 Qe7 18. Qe2 Rd7 19. Rd2 Rcd8 20. Rbd1 h5 21. f3 f5 22. exf5 Bxf5 23. g4 Be6 24. gxh5 gxh5 25. f4 Bd5 26. Qxh5 exf4 27. Bxf4 Bxc3 28. Re2 Qg7 29. Bh6 Qf7 30. Bxd5 Rxd5 31. Rg2+ Bg7 32. Qxf7+ Kxf7 33. Rxg7+ Kf6 34. Rf1+ Ke6 35. Rg6+ Kd7 36. Rf7+ Ne7 37. Bg5 Re8 38. Rgg7 Re5 39. Rxe7+ R5xe7 40. Rxe7+ Rxe7 41. Bxe7 Kxe7 42. Kg2 Kd6 43. Kf3 b5 44. h4 1-0